Juan Pablo Duarte : (Registro nro. 14902)

Detalles MARC
000 -LIDER
fixed length control field 01694nam a22003737i 4500
003 - IDENTIFICACDOR DE NÚMERO DE CONTROL
control field DO-SdBPM
005 - DATE AND TIME OF LATEST TRANSACTION
control field 20250109093821.0
007 - CAMPOS FIJOS DE DESCRIPCIÓN FÍSICA
fixed length control field ta
008 - ELEMENTOS DE LONGITUD FIJA
fixed length control field 210224e2013 dr a||||r ||| 001 0bspa d
040 ## - FUENTE DE CATALOGACIÓN
Agencia que crea de manera original el registro DO-SdBPM
Idioma de catalogación spa
Agencia que realiza la transcripción BPMSU
041 ## - CÓDIGOS DE OBRAS TRADUCIDAS O EN VARIOS IDIOMAS
Código del idioma del texto/archivo de sonido o separata spa
082 #4 - NÚMERO DE CLASIFICACIÓN DECIMAL DE DEWEY
Classification number 923.27293
Item number D812P 2013
Edition number 22
100 1# - ASIENTO PRINCIPAL -- NOMBRE PERSONAL
Nombre personal Pérez Saviñón, José Joaquín,
Mención de responsabilidad autor
Término de relación
100 z# - ASIENTO PRINCIPAL -- NOMBRE PERSONAL
Nombre personal Saviñón, José Joaquín Pérez
245 10 - MENCIÓN DE TITULO
Título Juan Pablo Duarte :
Subtítulo biografía, faceta dinámica, ideario /
Mención de responsabilidad José Joaquín Pérez Saviñón, Pedro Troncoso Sánchez, Vetilio Alfau Durán.
264 #1 - PRODUCTION, PUBLICATION, DISTRIBUTION, MANUFACTURE, AND COPYRIGHT NOTICE
Place of production, publication, distribution, manufacture Santo Domingo, República Dominicana :
Name of producer, publisher, distributor, manufacturer Editora Alfa y Omega,
Date of production, publication, distribution, manufacture, or copyright notice 2013.
300 ## - DESCRIPCIÓN FÍSICA
Extensión VIII, 71 páginas :
Otros detalles físicos ilustraciones ;
Dimensiones 20 cm.
336 ## - CONTENT TYPE
Content type term texto
Content type code txt
Source rdacontent
337 ## - MEDIA TYPE
Media type term sin mediación
Media type code n
Source rdamedia
338 ## - CARRIER TYPE
Carrier type term volumen
Carrier type code nc
Source rdacarrier
500 ## - NOTA GENERAL
Nota general Incluye notas : páginas 69-70
500 ## - NOTA GENERAL
Nota general "Esta publicación es una contribución de la Refinería Dominicana de Petróleo, al Ministerio de Educación y al Instituto Duartiano, en ocasión de la celebración del bicentenario del nacimiento de Juan Pablo Duarte, fundador de la República Dominicana."
590 ## - NOTA LOCAL
Texto de la nota local Inventariado 2025 / VM
600 14 - ENCABEZAMIENTO DE MATERIA--NOMBRE PERSONAL
Nombre personal Duarte, Juan Pablo,
Fechas asociadas con el nombre 1813-1876
651 #4 - ENCABEZAMIENTO DE MATERIA--NOMBRE GEOGRÁFICO
Nombre geográfico República Dominicana --
Subdivisión temática general Historia --
Subdivisión cronológica 1844-1930
651 #4 - ENCABEZAMIENTO DE MATERIA--NOMBRE GEOGRÁFICO
Nombre geográfico Estadistas
Subdivisión geográfica República Dominicana
Subdivisión de forma Biografías
700 1# - ASIENTO SECUNDARIO -- NOMBRE PERSONAL
Nombre personal Troncoso Sánchez, Pedro,
Fechas asociadas con el nombre 1904-1989
Término de relación autor
Mención de responsabilidad
700 1# - ASIENTO SECUNDARIO -- NOMBRE PERSONAL
Nombre personal Alfau Durán, Vetilio,
Fechas asociadas con el nombre 1909-1985
Mención de responsabilidad autor
Término de relación aut.
700 z# - ASIENTO SECUNDARIO -- NOMBRE PERSONAL
Nombre personal Sánchez, Pedro Troncoso
Fechas asociadas con el nombre 1904-1989
700 z# - ASIENTO SECUNDARIO -- NOMBRE PERSONAL
Nombre personal Durán, Vetilio Alfau
700 z# - ASIENTO SECUNDARIO -- NOMBRE PERSONAL
Nombre personal Alfau Durán, V.
Forma completa del nombre (Vetilio)
910 ## - VALIDACIÓN
Validación VMateo V. Control de calidad. BPMSU
942 ## - ADDED ENTRY ELEMENTS (KOHA)
Source of classification or shelving scheme Dewey Decimal Classification
Koha item type Libros
Existencias
Withdrawn status Lost status Source of classification or shelving scheme Damaged status Not for loan Collection code Home library Current library Date acquired Total Checkouts Full call number Barcode Date last seen Price effective from Koha item type
    Dewey Decimal Classification     Colección Dominicana Biblioteca Pública Metropolitana Salomé Ureña Biblioteca Pública Metropolitana Salomé Ureña 01/09/2025   BPMSU CG 923.27293 D812P 2013 BPMSU25010002 01/09/2025 01/09/2025 Libros